<?xml version="1.0" encoding="UTF-8"?><?xml-stylesheet type="text/xsl" href="static/style.xsl"?><OAI-PMH xmlns="http://www.openarchives.org/OAI/2.0/" xmlns:xsi="http://www.w3.org/2001/XMLSchema-instance" xsi:schemaLocation="http://www.openarchives.org/OAI/2.0/ http://www.openarchives.org/OAI/2.0/OAI-PMH.xsd"><responseDate>2026-04-17T14:00:25Z</responseDate><request verb="GetRecord" identifier="oai:www.recercat.cat:2099.1/22296" metadataPrefix="marc">https://recercat.cat/oai/request</request><GetRecord><record><header><identifier>oai:recercat.cat:2099.1/22296</identifier><datestamp>2025-07-22T19:09:35Z</datestamp><setSpec>com_2072_1033</setSpec><setSpec>col_2072_452951</setSpec></header><metadata><record xmlns="http://www.loc.gov/MARC21/slim" xmlns:dcterms="http://purl.org/dc/terms/" xmlns:xsi="http://www.w3.org/2001/XMLSchema-instance" xmlns:doc="http://www.lyncode.com/xoai" xsi:schemaLocation="http://www.loc.gov/MARC21/slim http://www.loc.gov/standards/marcxml/schema/MARC21slim.xsd">
   <leader>00925njm 22002777a 4500</leader>
   <datafield ind2=" " ind1=" " tag="042">
      <subfield code="a">dc</subfield>
   </datafield>
   <datafield ind2=" " ind1=" " tag="720">
      <subfield code="a">Rodríguez González, Adrián</subfield>
      <subfield code="e">author</subfield>
   </datafield>
   <datafield ind2=" " ind1=" " tag="260">
      <subfield code="c">2014-06-11</subfield>
   </datafield>
   <datafield ind2=" " ind1=" " tag="520">
      <subfield code="a">El present projecte té com a objectiu dissenyar un ascensor hidràulic de tres&#xd;
plantes per un habitatge unifamiliar, adaptat a un forat de dimensions molt&#xd;
reduïdes. Per poder garantir la viabilitat del projecte, s'ha realitzat un estudi&#xd;
previ d'alternatives, així com un petit estudi de mercat per determinar que el&#xd;
cost mig dels ascensors de la competència.&#xd;
S'han realitzat els càlculs dels diferents components de suspensió, per diversos&#xd;
escenaris de sol·licitacions. També s'han calculat i dimensionat els components&#xd;
del grup hidràulic incloent la central hidràulica i el cilindre hidràulic de l'ascensor,&#xd;
així com altres elements funcionals i de seguretat. S'ha descrit de forma distesa&#xd;
tots els components a adquirir per la construcció, ja siguin elements funcionals o&#xd;
elements de seguretat. Tots els càlculs estan realitzats sota la normativa EN81-2&#xd;
La memòria consta de totes les informacions exigides per la normativa, com són&#xd;
les normes per la correcta utilització de l'ascensor, explicació del funcionament&#xd;
del sistema de rescat, taula resum dels elements de seguretat, entre d'altres.&#xd;
Finalment s'ha realitzat un estudi sobre l'impacte ambiental i econòmic de la&#xd;
màquina durant la seva vida útil. Així com un pressupost detallat amb tots els&#xd;
components necessaris per la seva construcció, i plànols detallats de la&#xd;
instal·lació realitzats amb Autocad 2013.</subfield>
   </datafield>
   <datafield tag="653" ind2=" " ind1=" ">
      <subfield code="a">Àrees temàtiques de la UPC::Enginyeria mecànica::Processos de fabricació mecànica::Màquines i mecanismes</subfield>
   </datafield>
   <datafield tag="653" ind2=" " ind1=" ">
      <subfield code="a">Lifts</subfield>
   </datafield>
   <datafield tag="653" ind2=" " ind1=" ">
      <subfield code="a">Ascensors -- Disseny i construcció</subfield>
   </datafield>
   <datafield ind2="0" ind1="0" tag="245">
      <subfield code="a">Disseny d'un ascensor per habitatge unifamiliar</subfield>
   </datafield>
</record></metadata></record></GetRecord></OAI-PMH>